[Event "89_| Campeonato Brasileiro 2023"]
[Site "Recife"]
[Date "2023.12.16"]
[Round "6.7"]
[White "Ferreira Junior, Luiz Carlos A"]
[Black "Do Valle Cardoso, Lucas"]
[Result "0-1"]
[WhiteElo "2037"]
[BlackElo "2352"]
[PlyCount "44"]
[EventDate "2023.??.??"]
[EventCountry "BRA"]
[TimeControl "90+30"]
[WhiteClock "1:04:44"]
[BlackClock "1:06:29"]

{[%evp 14,44,-78,-149,-149,-136,-143,-147,-135,-226,-225,-379,-382,-379,-386,
-385,-379,-516,-507,-511,-511,-508,-503,-510,-501,-503,-497,-565,-569,-558,
-483,-573,-553]} 1. d4 {[%emt 0:00:00]} d5 {[%emt 0:00:00]} 2. Nf3 {[%emt 0:00:
00]} Nf6 {[%emt 0:00:00]} 3. c4 {[%emt 0:00:00]} dxc4 {[%emt 0:00:00]} 4. Nc3 {
[%emt 0:00:00]} a6 {[%emt 0:00:00]} 5. a4 {[%emt 0:00:00]} Nc6 {[%emt 0:00:00]
[%cal Bb8c6,Bc6a5,Ba5b3][%mdl 32]} 6. e3 {[%emt 0:00:00]} Na5 {[%emt 0:00:00]}
7. Ne5 {[%emt 0:00:00]} Be6 {[%emt 0:00:00]} 8. Be2 {[%eval -149,23] [%emt 0:
00:00]} (8. e4 $142 {[%eval -78,28]}) 8... g6 $17 {[%emt 0:00:00] D24: Queen's
Gambit Accepted: 3 Nf3 Nf6 4 Nc3.} 9. O-O {[%emt 0:00:00]} Bg7 {[%emt 0:00:00]}
10. e4 {[%emt 0:00:00]} Nb3 {[%emt 0:00:00] Black is clearly better.} 11. Ra3 {
[%eval -226,24] [%emt 0:00:00]} (11. d5 $17 {[%eval -135,29]} Bc8 12. Ra3)
11... Qxd4 $19 {[%emt 0:00:00] [#]} 12. Qxd4 $146 {[%eval -379,30] [%emt 0:00:
00]} (12. Bxc4 $1 {[%eval -225,26][%mdl 512]} Bxc4 13. Nxc4 Qxc4 14. Qxb3 Qxb3
15. Rxb3) ({Predecessor:} 12. Bxc4 Bxc4 13. Nxc4 Qxc4 14. Qxb3 Qxb3 15. Rxb3
O-O-O 16. f3 Nd7 17. Be3 Ne5 18. Bg5 {0-1 (40) Vertes,A (2209)-Fister,B (2331)
ICCF email 2012}) 12... Nxd4 {[%emt 0:00:00]} 13. Bxc4 {[%emt 0:00:00] [#]}
Nxe4 $1 {[%emt 0:00:00][%mdl 512]} 14. Bxe6 {[%emt 0:00:00]} (14. Nxe4 Bxe5)
14... Nxe6 {[%emt 0:00:00]} 15. Nxf7 {[%emt 0:00:00]} Nxc3 {[%emt 0:00:00]
Black is clearly winning.} ({Weaker is} 15... Kxf7 16. Nxe4 Rhd8 17. Re1 $17)
16. Nxh8 {[%emt 0:00:00]} Ne2+ {[%emt 0:00:00]} 17. Kh1 {[%emt 0:00:00]} Nxc1 {
[%emt 0:00:00]} 18. Nxg6 {[%emt 0:00:00]} hxg6 {[%emt 0:00:00]} 19. Re3 {
[%emt 0:00:00]} Nd8 {[%emt 0:00:00]} 20. Rg3 {[%emt 0:00:00]} Ne2 {[%emt 0:00:
00]} 21. Rxg6 {[%emt 0:00:00]} Kf7 {[%emt 0:00:00]} 22. Rg4 {[%emt 0:00:00]}
Nc6 {[%emt 0:00:00] Accuracy: White = 46%, Black = 93%.} 0-1

[Event "89_| Campeonato Brasileiro 2023"]
[Site "Recife"]
[Date "2023.12.16"]
[Round "6.8"]
[White "Da Silva, Giovanni B Tavares"]
[Black "Aranha Filho, Alvaro Zimmermann"]
[Result "0-1"]
[WhiteElo "2001"]
[BlackElo "2182"]
[PlyCount "100"]
[EventDate "2023.??.??"]
[EventCountry "BRA"]
[TimeControl "90+30"]
[WhiteClock "0:01:27"]
[BlackClock "0:12:28"]

{[%evp 22,100,42,-6,-6,-9,-2,0,5,-5,8,-23,1,-22,-29,-43,8,10,25,7,9,7,11,8,9,9,
13,8,35,30,38,17,52,44,79,6,66,51,92,90,94,43,117,20,282,182,266,56,187,76,76,
49,48,54,174,48,50,0,0,0,1,0,0,-5,0,0,0,-11,-22,-569,-569,-547,-539,-615,-489,
-680,-638,-763,-685,-763,-700]} 1. e4 {[%emt 0:00:00]} c5 {[%emt 0:00:00]} 2.
Nf3 {[%emt 0:00:00]} Nc6 {[%emt 0:00:00]} 3. d4 {[%emt 0:00:00]} cxd4 {[%emt 0:
00:00]} 4. Nxd4 {[%emt 0:00:00]} Nf6 {[%emt 0:00:00]} 5. Nc3 {[%emt 0:00:00]}
e5 {[%emt 0:00:00]} 6. Ndb5 {[%emt 0:00:00]} d6 {[%emt 0:00:00]} 7. Bg5 {
[%emt 0:00:00]} a6 {[%emt 0:00:00]} 8. Na3 {[%emt 0:00:00]} b5 {[%emt 0:00:00]}
9. Nd5 {[%emt 0:00:00]} Be7 {[%emt 0:00:00]} 10. Bxf6 {[%emt 0:00:00]} Bxf6 {
[%emt 0:00:00]} 11. c3 {[%emt 0:00:00]} Bg5 {[%emt 0:00:00]} 12. Bd3 {[%emt 0:
00:00]} (12. Nc2 {seems wilder.} O-O 13. a4 bxa4 14. Rxa4 a5 15. Bc4) 12... Ne7
{[%emt 0:00:00] B33: Sicilian: Pelikan and Sveshnikov Variations.} 13. Nxe7 {
[%emt 0:00:00]} Qxe7 {[%emt 0:00:00]} 14. O-O {[%emt 0:00:00]} O-O {[%emt 0:00:
00] The position is equal.} 15. Nc2 {[%emt 0:00:00]} g6 {[%emt 0:00:00]} 16.
Qe2 {[%emt 0:00:00]} f5 $146 {[%emt 0:00:00]} ({Predecessor:} 16... Rb8 17. a4
bxa4 18. Nb4 Bd7 19. Nd5 Qd8 20. Bxa6 f5 21. f3 Kh8 22. Bd3 Be6 {0-1 (50)
Aguiar,C (1994)-Blalock,R (2203) Olival Basto 2006}) 17. a4 {[%emt 0:00:00]} d5
$1 {[%emt 0:00:00][%cal Rd5e4]} 18. f3 {[%emt 0:00:00]} Rb8 {[%emt 0:00:00]}
19. axb5 {[%emt 0:00:00]} axb5 {[%emt 0:00:00]} 20. exd5 {[%emt 0:00:00] White
wants to play Nb4.} Qc5+ {[%emt 0:00:00]} 21. Kh1 {[%emt 0:00:00]} Qxd5 {
[%emt 0:00:00]} 22. c4 {[%emt 0:00:00]} Qd6 {[%emt 0:00:00]} 23. cxb5 {[%emt 0:
00:00]} Bb7 {[%emt 0:00:00]} 24. Rad1 {[%emt 0:00:00] And now Bc4+ would win.}
Qc5 {[%emt 0:00:00]} 25. Bc4+ {[%emt 0:00:00]} Kh8 {[%emt 0:00:00]} 26. b4 {
[%emt 0:00:00]} Qe7 {[%emt 0:00:00]} 27. Bd5 {[%emt 0:00:00]} Bf6 {[%emt 0:00:
00]} 28. Qc4 {[%eval 6,34] [%emt 0:00:00]} (28. Ne3 $16 {[%eval 79,21]}) 28...
Bxd5 {[%eval 66,25] [%emt 0:00:00]} (28... Rbc8 $11 {[%eval 6,34]} 29. Qe2 Bxd5
30. Rxd5 Rc3) 29. Rxd5 $14 {[%emt 0:00:00]} e4 {[%emt 0:00:00]} 30. Nd4 {
[%emt 0:06:28]} exf3 {[%emt 0:00:00]} 31. Nxf3 {[%emt 0:00:50]} ({Not} 31. Rxf3
$2 Qe4 $19) 31... Rfe8 {[%eval 117,23] [%emt 0:00:00]} ({Better is} 31... Qe4
$14 {[%eval 43,26]} 32. Nd2 Qe7) 32. h3 {[%eval 20,30] [%emt 0:03:32]} (32.
Rfd1 $16 {[%eval 117,23]}) 32... Qe3 $2 {[%eval 282,25] [%emt 0:00:00][%mdl
8192]} (32... Qe2 $11 {[%eval 20,30] and Black stays safe.} 33. Qxe2 Rxe2) 33.
Rc1 {[%emt 0:03:16]} Qe6 {[%eval 266,24] [%emt 0:00:00]} (33... Re4 {[%eval
182,26] might work better.} 34. Qc7 Qb6) 34. Nd4 $2 {[%eval 56,29] [%emt 0:01:
01]} (34. Re1 $18 {[%eval 266,24]} Qf7 35. Rxe8+ Qxe8 36. Qc6) 34... Qf7 {
[%eval 187,24] [%emt 0:00:00] [#]} (34... Qe4 $14 {[%eval 56,29]}) 35. Nc6 {
[%eval 76,25] [%emt 0:00:30]} (35. Nf3 $1 $18 {[%eval 187,24] and White stays
clearly on top.}) 35... Rb7 $16 {[%emt 0:00:00]} 36. Qd3 {[%emt 0:00:30] Black
must now prevent Nd8.} Kg7 {[%emt 0:00:00]} 37. Rd1 {[%emt 0:00:30]} h5 {
[%eval 174,24] [%emt 0:00:00] [#]} (37... Kh6 $14 {[%eval 54,27]}) 38. Kg1 {
[%eval 48,26] [%emt 0:00:30]} (38. b6 $1 $18 {[%eval 174,24]}) 38... Kh6 $14 {
[%emt 0:00:00]} 39. Rd7 {[%emt 0:00:30]} Rxd7 {[%emt 0:00:00]} 40. Qxd7 {
[%emt 0:00:30]} Qb3 {[%emt 0:00:00]} 41. Rf1 {[%emt 0:00:30]} Re2 {[%emt 0:00:
00] Hoping for ...Qa2.} 42. Nd8 $132 {[%emt 0:00:30][%mdl 2048] White puts up
resistance} Qe3+ {[%emt 0:00:00]} ({Don't take} 42... Qxb4 43. Kh2 $17) 43. Kh1
{[%emt 0:00:30]} Be7 {[%emt 0:00:00]} (43... Rd2 $5 44. Nf7+ $8 Kg7 $15) 44.
Nf7+ {[%emt 0:00:30]} Kg7 {[%emt 0:00:00]} 45. Qd5 $2 {[%eval -569,29] [%emt 0:
00:30][%mdl 8192]} (45. Nd8 $1 $11 {[%eval -22,31] and White is okay.}) 45...
Qe4 $19 {[%emt 0:00:00] Black is clearly winning.} 46. Qxe4 {[%emt 0:00:30]}
Rxe4 {[%emt 0:00:00]} 47. g4 {[%emt 0:00:30]} Kxf7 {[%emt 0:00:00]} 48. gxh5 {
[%emt 0:00:30]} Rxb4 {[%emt 0:00:00]} 49. hxg6+ {[%emt 0:00:30]} Kxg6 {[%emt 0:
00:00]} 50. Kg2 {[%emt 0:02:26]} Rxb5 {[%emt 0:14:02] Accuracy: White = 40%,
Black = 54%.} 0-1

[Event "89_| Campeonato Brasileiro 2023"]
[Site "Recife"]
[Date "2023.12.18"]
[Round "7.1"]
[White "Fier, Alexandr"]
[Black "Quintiliano Pinto, Renato Rodrigues"]
[Result "1/2-1/2"]
[WhiteElo "2545"]
[BlackElo "2489"]
[PlyCount "49"]
[EventDate "2023.??.??"]
[EventCountry "BRA"]
[TimeControl "90+30"]
[WhiteClock "0:48:06"]
[BlackClock "0:09:48"]

{[%evp 10,49,52,42,47,44,60,21,41,43,49,-2,21,17,19,-58,-35,-58,-34,-52,-26,
-24,0,0,0,0,20,-53,26,0,0,0,0,0,0,3,0,1,3,0,2,0]} 1. e4 {[%emt 0:00:00]} d6 {
[%emt 0:00:00]} 2. d4 {[%emt 0:00:00]} Nf6 {[%emt 0:00:00]} 3. Nc3 {[%emt 0:00:
00]} e5 {[%emt 0:00:00]} 4. Nf3 {[%emt 0:00:00]} Nbd7 {[%emt 0:00:00]} 5. h3 {
[%emt 0:00:00]} Be7 {[%emt 0:00:00]} 6. Be3 {[%emt 0:00:00]} c6 {[%emt 0:00:00]
C41: Philidor Defence.} 7. g4 {[%emt 0:00:00]} h6 {[%emt 0:00:00]} 8. a3 {
[%emt 0:00:00]} Qa5 {[%emt 0:00:00] Black wants to play ...Nxe4.} 9. Qd2 {
[%emt 0:00:00]} b5 {[%emt 0:00:00]} 10. Bg2 $146 {[%eval -2,30] [%emt 0:00:00]}
(10. Ne2 $14 {[%eval 49,23]} Qxd2+ 11. Nxd2) ({Predecessor:} 10. Bd3 Rb8 11.
O-O Qc7 12. a4 b4 13. Ne2 c5 14. dxe5 Nxe5 15. Nxe5 dxe5 16. Bb5+ {1/2-1/2 (49)
Milenkovic,M (2343)-Colovic,D (2376) Golubac 2008}) 10... b4 {[%emt 0:00:00]}
11. Na2 $1 {[%emt 0:00:00]} Nxe4 {[%emt 0:00:00]} 12. Qxb4 {[%eval -58,26] 
[%emt 0:00:00]} (12. axb4 $11 {[%eval 19,33]} Nxd2 13. bxa5 Nxf3+ 14. Bxf3)
12... Qc7 $1 $36 {[%emt 0:00:00][%mdl 2048] Black has the initiative.} 13. dxe5
{[%emt 0:00:00]} d5 {[%emt 0:00:00]} 14. Qd4 $1 {[%emt 0:00:00]} O-O {[%emt 0:
00:00]} 15. Nc3 {[%emt 0:00:00]} c5 {[%emt 0:00:00]} 16. Qd3 {[%emt 0:00:00]}
Nxc3 {[%emt 0:00:00]} 17. bxc3 {[%emt 0:00:00]} Bb7 {[%emt 0:00:00]} 18. Bf4 {
[%eval -53,31] [%emt 0:00:00]} (18. O-O $11 {[%eval 20,37]}) 18... Bf6 {
[%eval 26,35] [%emt 0:00:00]} (18... Qc6 $1 $15 {[%eval -53,31]}) 19. Rb1 {
[%emt 0:00:00] Strongly threatening Rxb7.} Rae8 {[%emt 0:00:53][%cal Rd7e5]
The position is equal.} 20. O-O {[%emt 0:00:00]} Nxe5 {[%emt 0:00:07]} 21. Nxe5
{[%emt 0:00:00]} Bxe5 {[%emt 0:00:09]} 22. Bxe5 {[%emt 0:00:00]} Rxe5 {[%emt 0:
00:10]} 23. Qg3 {[%emt 0:00:00] [#] Rxb7! is the strong threat.} Ba8 {[%emt 0:
00:50]} 24. Rbe1 {[%emt 0:00:00]} Re7 {[%emt 0:01:33]} 25. Qxc7 {[%emt 0:00:00]
Accuracy: White = 69%, Black = 64%.} 1/2-1/2

[Event "89_| Campeonato Brasileiro 2023"]
[Site "Recife"]
[Date "2023.12.18"]
[Round "7.2"]
[White "Molina, Roberto Junio Brito"]
[Black "Supi, Luis Paulo"]
[Result "0-1"]
[WhiteElo "2381"]
[BlackElo "2579"]
[Annotator "MI Luis Supi - Stockfish 16 (CB)"]
[PlyCount "54"]
[EventDate "2023.??.??"]
[EventCountry "BRA"]
[WhiteClock "0:01:36"]
[BlackClock "0:43:25"]

{[%evp 15,54,-25,-30,-28,-22,-114,-131,-119,-122,-134,-130,-125,-142,-142,-142,
-114,-139,-226,-221,-228,-231,-220,-219,-330,-336,-338,-342,-329,-325,-383,
-384,-410,-409,-434,-442,-436,-411,-498,-508,-508,-501] Olha Supi. O grande
mestre começou a prova a meia máquina, mas no tramo final ele está
acelerando e depois de uma convincente vitória levando as peças pretas ante
o mestre internacional Roberto Molina alcançou a liderança. Que será a
partida analisada de hoje. O ex campeão nacional se beneficiou do empate do
atual titular, o grande mestre Alexandr Fier, que na mesa 1 não pode quebrar
a sólida defesa Philidor adotada pelo grande mestre Renato Quintiliano,
apesar que o desenvolvimento da partida foi muito interessante e cheio de luta.
Como é habitual, as pretas ingressaram na variante de Hanham utilizando a
ordem da defesa Pirc, o que tira algumas linhas incômodas que as brancas
dispõem na ordem natural com 1.e4 e5 2.Cf3 d6. Outros dois mestres chegaram
à liderança: o mestre fide Lucas do Valle Cardoso, que obteve uma importante
vitória ante o grande mestre Krikor Mekhitarian em uma Reti onde seu
adversário ficou melhor posicionado após a abertura, porém que depois
foi-se virando em favor das brancas, e o mestre internacional Diego di
Berardino, que derrotou com pretas ao mestre fide Alvaro Aranha após uma
disputada Grünfeld. Os empates entre o grande mestre André Diamant e o
mestre nacional Yago Labussiere e do grande mestre Yago Santiago e o mestre
internacional Nathan Filgueiras deixa eles a meio ponto dos líderes. Uma
posição onde também aparece, após uma boa recuperação depois de um
começo ruim, o grande mestre Everaldo Matsuura. Nesse grupo de perseguidores
se acha o jovem Stefan Lima, filho do conhecido grande mestre Darcy Lima,
assim como os potiguares Vitor Firmo Rocha e Jordan Barbosa e o cearense Iung
de Pinheiro, todos eles destaques desta edição. Principais duelos da oitava
rodada: Di Berardino - Supi; Do Valle Cardoso - Fier; Quintiliano - Diamant.
Vários candidatos, final aberto!!} 1. e4 {Aproximadamente um terço das
partidas do mestre internacional mineiro come- çam com este lance, embora na
maioria ele confie a sorte da partida na opção 1.d4. A escolha pode estar
relacionada ao fato de Supi defender quase exclusi- vamente com Siciliana,
pelo qual a que segue -jogada pelo condutor das pretas em raras oportunidades-
pode ter sido uma surpresa.} e5 2. Nf3 Nc6 3. Bb5 a6 4. Ba4 Nf6 5. O-O d6 {
Esta é uma ordem frequentemente subestimada pela teoria, levando a uma forma
da variante Steinitz diferida onde as brancas já definiram a posição do seu
rei e as pretas a do cavalo rei. O campeão mundial Emanuel Lasker esteve
entre seus primeiros praticantes. Na atualidade, grandes nomes como Rap- port,
Esipenko ou Sjugirov defendem a causa preta nesta linha. Curiosamente, nesta
mesma rodada foi também a escolha do GM Everaldo Matsuura. [#]} 6. d4 $5 (6.
Re1) ({e} 6. c3 {são as linhas principais aqui, porém Molina as descarta
imagi- nando -corretamente, penso- que seu adversário tinha estudado essas
linhas ao detalhe. Por isso se decide por uma alternativa menos usual, embora
de alto conteúdo tático.].}) ({Já Matsuura enfrentou uma linha que também
se afasta das principais, embora se inscreve dentro de um lá conhecido
esquema universal branco:} 6. d3 Be7 7. c3 O-O {Assim foi o começo de Marra -
Matsuura, Recife 2023 [0-1 em 84 lances}) 6... b5 7. Bb3 (7. dxe5 {é a
opção aqui, onde} dxe5 8. Qxd8+ Nxd8 9. Bb3 {é bem respondida por um lance
do mestre húngaro} Nd7) 7... Nxd4 8. Nxd4 exd4 9. c3 {O lendário Lajos
Portisch no seu livro My secrets in the Ruy Lopez escreve que esta entrega
parece duvidosa. Ainda assim, pode ser a melhor continuação para as brancas.
Na prática a continuação que segue em popula- ridade, 9.a4 é algo melhor
para as pretas depois de 9...Tb8³ matando qualquer chance de táticas pelas
casas brancas com a torre em a8 como alvo. E claro, as brancas devem evitar a
famosa armadilha da arca de Noé: 9.Dxd4 c5-+ onde as pretas ganham peça. [#]
C79: Ruy Lopez: Steinitz.} dxc3 $1 ({Errado seria} 9... Nxe4 $2 10. Bd5 $18 (
10. Qxd4 Nc5 $11)) 10. e5 $6 {Depois deste lance o jogo ganha um caráter
aberto, no espirito da partida da primeira rodada entre Alex Fier e Alexandre
Soares de Macedo -um Gambito de Rei-. As ideias do roman- ticismo estão
presentes em Recife! Ainda assim, pode ser que o condutor das brancas esteja
pedindo muito da posição. A mais usual 10.Cxc3 pode ser prefer ida, e depois
de 10...Be7 as brancas podem escolher lances como 11.Cd5!? ou 11.a4!? - a
escolha do grande mestre Vladislav Kovalev em alguns jogos recentes, embora
estes tenham sido feitos em ritmos rápidos-.} ({A mais usual aqui é} 10. Nxc3
$11 {pode ser prefer ida, e depois de} Be7 11. Nd5 $5 {ou 11.a4!? - a escolha
do grande mestre Vladislav Kovalev em alguns jogos recentes, embora estes
tenham sido feitos em ritmos rápidos}) 10... dxe5 $17 {A escolha maximalista
e sem medo, no melhor estilo século XIX.} ({A boa opção é o sólido} 10...
c2 {jogada por mestres como Treybal e Bisguier. Um exemplo com esta linha é}
11. Qxc2 dxe5 12. Bg5 Bd6 13. Nc3 Bb7 14. Bd5 c6 15. Bxf6 gxf6 16. Be4 Qb6 17.
Bxh7 O-O-O $17 {Vetoshko - Yildiz, Lvov 2011.]}) 11. Bxf7+ {Black is clearly
better.} Ke7 {Hoping for ...Qxd1.} 12. Qb3 {A única continuação lógica. No
entanto, depois da seguinte jogada das pretas oferece dúvida que a
compensação branca pelos dois peões seja suficiente. [#]} c5 $1 {[%cal
Rc5c4] ...c4 is the strong threat.} 13. Rd1 {[#]} Qc7 $146 {O problema aqui é
que as pretas ameaçam cor tar a comunicação pela diagonal a2-g8 mediante ...
c4. A iniciativa que pode montar o primeiro jogador para tentar explorar a
posição centralizada do rei preto carece de forças suficientes - grande par
te das suas peç as se encontra ainda estacionada nas casas de origem-. Para
piorar as coisas, a que segue é única e as brancas devem permitir a troca de
uma das suas poucas peças ativas. E ainda tem a ameaça de avançar c2..} ({
Predecessor:} 13... c4 14. Bxc4 Qc7 15. Bd3 cxb2 16. Qxb2 Kf7 17. Bg5 Bc5 18.
Nc3 Bd4 19. Rac1 Bg4 20. Nxb5 {1-0 (29) Puranik,A (2604)-Alonso Rosell, A 
(2570) Warsaw 2021}) 14. Bd5 cxb2 15. Bxb2 Nxd5 16. Qxd5 (16. Rxd5 $17 {
é possivelmente a melhor em um cenário que já parece muito difícil:} Be6 {
[%mdl 64] Skewer} (16... Bb7) 17. Bxe5 (17. Rxe5 $2 Qxe5 18. Bxe5 Bxb3 $19) (
17. Nc3 Rd8 18. Rad1 g6 19. Qc2 (19. Ba3 b4 20. Bc1 Bg7 21. Ne4 h6 $17) (19.
Qa3 b4 20. Qxa6 bxc3 21. Rxd8 cxb2 22. Qa8 Bf5 $19) 19... Bg7 $17)) 16... Bb7
$19 17. Qb3 Qc6 $1 $19 {[%csl Gb7][%cal Rc6g2] O defensor passa a ser
atacante! No caminho, Supi vai devolver um dos peões extra a câmbio de
coordenar suas peças e ganhar a iniciativa na ala de rei. [#]} 18. Qg3 Kf7 19.
Bxe5 (19. Nd2 $142 Qg6 20. Qh3) 19... Re8 {Strongly threatening ...Rxe5!} 20.
f3 (20. Bf4 h5 $19) (20. f4 c4 $19) 20... h5 21. Nc3 h4 ({Ou} 21... Rh6 $5) 22.
Qf4+ Kg8 23. Ne4 Qg6 {Com ideias como ...Th5 e ...h3. As pretas têm somente
um peão a mais, mas o par de bispos e a forte pressão na ala de rei são
elementos valiosos aqui, configurando uma posição de vantagem decisiva. [#]}
24. Bxg7 {O desespero.} (24. Nd6 Bxf3 (24... Bxd6 25. h3 Qg3) 25. Qxf3 Rxe5 $19
) (24. Bd6 h3 25. Qg3 Bxe4 26. fxe4 Qxe4 27. Bxf8 Rxf8 $19) 24... Bxg7 25. Rd6
Rf8 ({Not} 25... Bxe4 26. Rxg6 Bxg6 27. Rd1 $19) 26. Qd2 Qf5 27. Re1 Rh5 {
Precisão: Brancas 64%, Pretas 100%.} 0-1

[Event "89_| Campeonato Brasileiro 2023"]
[Site "Recife"]
[Date "2023.12.18"]
[Round "7.3"]
[White "Do Valle Cardoso, Lucas"]
[Black "Mekhitarian, Krikor Sevag"]
[Result "1-0"]
[WhiteElo "2352"]
[BlackElo "2559"]
[PlyCount "63"]
[EventDate "2023.??.??"]
[EventCountry "BRA"]
[TimeControl "90+30"]
[WhiteClock "0:10:42"]
[BlackClock "0:00:32"]

{[%evp 12,63,13,0,3,-13,-10,-8,-17,-17,-20,-19,-22,-45,-22,-19,-13,-92,-95,
-117,-103,-127,-127,-125,-61,-58,-64,-57,-5,-12,0,0,0,0,0,0,22,-6,0,0,101,85,
175,166,471,474,496,501,508,496,497,513,576,546]} 1. Nf3 {[%emt 0:00:00]} d5 {
[%emt 0:00:00]} 2. g3 {[%emt 0:00:00]} c6 {[%emt 0:00:00]} 3. Bg2 {[%emt 0:00:
00]} Bg4 {[%emt 0:00:00]} 4. O-O {[%emt 0:00:00]} Nd7 {[%emt 0:00:00]} 5. d4 {
[%emt 0:00:00]} e6 {[%emt 0:00:00]} 6. Nbd2 {[%emt 0:00:00]} Ngf6 {[%emt 0:00:
00]} 7. c4 {[%emt 0:00:00]} Be7 {[%emt 0:00:00] D02:1 d4 d5 2 Nf3 sidelines,
including 2...Nf6 3 g3 and 2...Nf6 3 Bf4.} 8. b3 {[%emt 0:00:00]} O-O {[%emt 0:
00:00]} 9. h3 {[%emt 0:00:00]} Bf5 {[%emt 0:00:00] The position is equal.} 10.
g4 {[%emt 0:00:00]} Bg6 {[%emt 0:00:00]} 11. Nh4 {[%emt 0:00:00]} Be4 $146 {
[%emt 0:00:00]} ({Predecessor:} 11... a5 12. Nxg6 hxg6 13. e4 dxe4 14. Nxe4
Nxe4 15. Bxe4 Qc7 16. Be3 Rfd8 17. Qc2 Nf6 {0-1 (61) Hernando Pertierra,J 
(2348)-Garrido Olivares,R (2167) Collado Villalba 2017}) 12. Nhf3 {[%emt 0:00:
00]} h6 {[%emt 0:00:00]} 13. Nxe4 {[%emt 0:00:00]} Nxe4 {[%emt 0:00:00]} 14.
Bb2 {[%eval -92,24] [%emt 0:00:00]} (14. Bf4 $11 {[%eval -13,29] remains equal.
}) 14... f5 $1 $17 {[%emt 0:00:00]} 15. gxf5 {[%emt 0:00:00]} Rxf5 {[%emt 0:00:
00]} 16. Nd2 {[%emt 0:00:00]} Nxd2 {[%emt 0:00:00]} 17. Qxd2 {[%emt 0:00:00] 
[#]} Bd6 {[%eval -61,33] [%emt 0:00:00]} (17... Nf6 $1 $17 {[%eval -125,26]})
18. e4 $1 $15 {[%emt 0:00:00][%cal Re4f5]} dxe4 {[%emt 0:00:00]} 19. Bxe4 {
[%emt 0:00:00]} Rf4 {[%eval -5,36] [%emt 0:00:00]} ({Better is} 19... Rg5+ $15
{[%eval -57,24]} 20. Kh1 Rh5) 20. Bg2 $11 {[%emt 0:00:00]} Qh4 {[%emt 0:00:00]}
21. Rae1 $36 {[%emt 0:00:00][%mdl 2048] White is pushing.} Re8 {[%emt 0:00:00]}
22. Re3 {[%emt 0:00:00]} Rf5 {[%emt 0:04:13] aiming for ...Qf4.} 23. Re4 {
[%emt 0:00:00]} Rf4 {[%emt 0:03:10]} 24. Re3 {[%emt 0:00:00]} Nf6 {[%emt 0:01:
23]} 25. Qe2 {[%emt 0:00:00]} Kf7 {[%eval 101,27] [%emt 0:02:09] [#]} (25...
Rg4 $1 $11 {[%eval 0,36] keeps the balance.}) 26. d5 $1 $16 {[%emt 0:03:01]
[%cal Re3e6][%mdl 576] Deflection} cxd5 {[%eval 175,26] [%emt 0:00:32]} (26...
Rf5 $16 {[%eval 85,27]}) 27. cxd5 $18 {[%emt 0:00:07]} Nxd5 $2 {[%eval 471,31]
[%emt 0:02:13]} (27... Kg8 {[%eval 166,30]} 28. Rxe6 Rd8) 28. Bxd5 {[%emt 0:00:
42] White is clearly winning.} exd5 {[%emt 0:00:08]} 29. Rxe8 {[%emt 0:00:09]
[%csl Ge8][%cal Re2e6]} Qxh3 {[%emt 0:00:56] ( -> ...Rg4+)} 30. Re3 {[%emt 0:
02:13]} Rg4+ {[%emt 0:01:13] [#]} 31. Rg3 $1 {[%emt 0:00:02]} h5 {[%emt 0:00:
31]} (31... Bxg3 32. fxg3+) 32. Qxg4 {[%emt 0:00:34] Accuracy: White = 79%,
Black = 54%.} 1-0